Welcome to CU Library Online Public Access Catalogue (OPAC)

Toward an Exegetical Theology: (Record no. 5335)

MARC details
000 -LEADER
fixed length control field 00450nam a22001577a 4500
005 - DATE AND TIME OF LATEST TRANSACTION
control field 20250329113333.0
008 - FIXED-LENGTH DATA ELEMENTS--GENERAL INFORMATION
fixed length control field 250329b |||||||| |||| 00| 0 eng d
020 ## - INTERNATIONAL STANDARD BOOK NUMBER
International Standard Book Number 9780801021978
050 ## - LIBRARY OF CONGRESS CALL NUMBER
Classification number BS476 KAI
100 ## - MAIN ENTRY--PERSONAL NAME
Personal name Kaiser Walter C. Jr.
245 ## - TITLE STATEMENT
Title Toward an Exegetical Theology:
Remainder of title Biblical Exegesis for Preaching & Teaching
260 ## - PUBLICATION, DISTRIBUTION, ETC.
Place of publication, distribution, etc. Michigan
Name of publisher, distributor, etc. Baker Books
Date of publication, distribution, etc. 1981
300 ## - PHYSICAL DESCRIPTION
Extent 268p.
Other physical details ill.
Dimensions 21 cm
650 ## - SUBJECT ADDED ENTRY--TOPICAL TERM
Source of heading or term Theology
942 ## - ADDED ENTRY ELEMENTS (KOHA)
Source of classification or shelving scheme Library of Congress Classification
Koha item type Books
Suppress in OPAC No
999 ## -
-- 5335
-- 5335
Holdings
Withdrawn status Lost status Source of classification or shelving scheme Damaged status Not for loan Collection Home library Current library Shelving location Date acquired Total checkouts Full call number Barcode Date last seen Copy number Price effective from Koha item type
    Library of Congress Classification     Non-fiction Business Library (Miotso) Business Library (Miotso) General stacks 03/29/2025   BR526 .B36 1990 BSSM00001714 03/29/2025 1 03/29/2025 Books
    Library of Congress Classification     Non-fiction Business Library (Miotso) Business Library (Miotso) General stacks 03/04/2026   BR526 .B36 1990 BSSM00002356 03/04/2026 2 03/04/2026 Books
    Library of Congress Classification     Non-fiction Undergraduate Library (Christ Temple) Undergraduate Library (Christ Temple) General stacks 06/16/2025   BS476 KAI ulct00003329 06/16/2025 1 06/03/2025 Books
© 2023-2024 Copyright: Central University Libraries. All Rights Reserved | Created by: Mahone Tech Office